000 00375nam a22001577a 4500
003 MPLRDC
005 20220104144051.0
008 210129b ||||| |||| 00| 0 eng d
082 _a802.35 RMQY c.2
100 _a不详
245 _a成语与谚语
_c
260 _a
_b人民企业有限公司
_c
300 _b
650 _a成语字典
942 _cBK
_o802.35 RMQY c.2
999 _c46064
_d46054